Statistiche per Top 10 migliori giocatrici #3

Clicka qui per fare il quiz!

Statistiche generali

  • Questo quiz è stato fatto 3 volte
  • Il punteggio medio è 2 su 10

Statistiche sulle risposte

Risposta% Corretto
Paola Egonu
100%
10°Anna Danesi
33%
Monica De Gennaro
33%
Tijana Boskovic
33%
Anna Carolina Da Silva
0%
Britt Herbots
0%
Eda Erdem Dundar
0%
Gabriela Guimaraes
0%
Isabelle Haak
0%
Zehra Gunes
0%

Distribuzione punteggi

Percentile per numero di risposta

Percentuale di utenti per punteggio

I tuoi punteggi nel tempo

Non hai fatto questo quiz